[Event "Sao Paulo-chT"]
[Site "Sao Paulo"]
[Date "2019.02.24"]
[Round "4.2"]
[White "Viana da Costa, Fernando"]
[Black "Marques, Vinicius de Abreu"]
[Result "1/2-1/2"]
[WhiteElo "2265"]
[BlackElo "2370"]
[PlyCount "40"]
[EventDate "2019.02.23"]
[EventType "team-tourn"]
[EventRounds "7"]
[EventCountry "BRA"]
[SourceTitle "CBM 189 Extra"]
[Source "ChessBase"]
[SourceDate "2019.06.03"]
[SourceVersion "1"]
[SourceVersionDate "2019.06.03"]
[SourceQuality "1"]
[WhiteTeam "Hebraica"]
[BlackTeam "Pinheiros"]
[WhiteTeamCountry "BRA"]
[BlackTeamCountry "BRA"]

1. e4 c5 2. Nf3 Nc6 3. Nc3 e5 4. Bc4 Be7 5. d3 Nf6 6. Nd2 0-0 7. Nf1 d6 8. Ne3 a6 9. a3 b5 10. Ba2 Be6 11. 0-0 Qd7 12. Ned5 Bd8 13. f4 exf4 14. Bxf4 b4 15. axb4 cxb4 16. Ne2 Bxd5 17. exd5 Ne7 18. c4 bxc3 19. Nxc3 Ng6 20. Bc4 Nxf4 1/2-1/2

[Event "Sao Paulo-chT"]
[Site "Sao Paulo"]
[Date "2019.02.23"]
[Round "1.2"]
[White "Marques, Vinicius de Abreu"]
[Black "Costa, Iaggo Bernini"]
[Result "1-0"]
[WhiteElo "2370"]
[BlackElo "1516"]
[PlyCount "79"]
[EventDate "2019.02.23"]
[EventType "team-tourn"]
[EventRounds "7"]
[EventCountry "BRA"]
[SourceTitle "CBM 189 Extra"]
[Source "ChessBase"]
[SourceDate "2019.06.03"]
[SourceVersion "1"]
[SourceVersionDate "2019.06.03"]
[SourceQuality "1"]
[WhiteTeam "Pinheiros"]
[BlackTeam "Sao Jose Medicina"]
[WhiteTeamCountry "BRA"]
[BlackTeamCountry "BRA"]

1. e4 e5 2. Nf3 Nf6 3. Nc3 Bb4 4. Nxe5 Bxc3 5. dxc3 d6 6. Nd3 Nxe4 7. Be2 0-0 8. 0-0 Nc6 9. Nf4 Bf5 10. f3 Nf6 11. g4 Be6 12. Be3 Qe7 13. Bf2 h6 14. Qd2 Rfe8 15. Rae1 Qd7 16. Bg3 Ne5 17. b3 Qc6 18. c4 Qc5+ 19. Bf2 Qc6 20. Bd4 Rad8 21. Qc3 Ned7 22. Nd3 d5 23. c5 b6 24. Nb4 Qa8 25. c6 Nf8 26. Bb5 N8h7 27. Re3 a5 28. Nd3 Qc8 29. Ne5 Ng5 30. h4 Nh3+ 31. Kh2 Nf4 32. Qe1 Bxg4 33. fxg4 Nxg4+ 34. Nxg4 Qxg4 35. Qg3 Qxg3+ 36. Rxg3 Nh5 37. Rgf3 Rf8 38. Rf5 g6 39. Rxh5 gxh5 40. Rg1+ 1-0

[Event "Paulista-chT"]
[Site "Sao Paulo"]
[Date "2018.02.25"]
[Round "7.2"]
[White "Quintiliano Pinto, Renato Rodrigues"]
[Black "Marques, Vinicius de Abreu"]
[Result "1/2-1/2"]
[WhiteElo "2431"]
[BlackElo "2370"]
[PlyCount "87"]
[EventDate "2018.02.17"]
[EventType "team-tourn"]
[EventRounds "7"]
[EventCountry "BRA"]
[SourceTitle "CBM 183 Extra"]
[Source "ChessBase"]
[SourceDate "2018.04.19"]
[SourceVersion "1"]
[SourceVersionDate "2018.04.19"]
[SourceQuality "1"]
[WhiteTeam "Osasco"]
[BlackTeam "Pinheiros"]
[WhiteTeamCountry "BRA"]
[BlackTeamCountry "BRA"]

1. e4 e5 2. Nf3 d6 3. d4 Nf6 4. Nc3 Nbd7 5. Bc4 Be7 6. 0-0 0-0 7. Re1 c6 8. a4 a5 9. h3 exd4 10. Nxd4 Nb6 11. Bb3 Nfd7 12. Nf5 Nc5 13. Nxe7+ Qxe7 14. Be3 Be6 15. Bxe6 Qxe6 16. b3 Rad8 17. Qg4 Nbd7 18. Rad1 Rfe8 19. Qxe6 Rxe6 20. f3 Na6 21. Re2 Nb4 22. Red2 d5 23. Bg5 f6 24. Bf4 Ne5 25. exd5 cxd5 26. Nxd5 Nxd5 27. Rxd5 Rxd5 28. Rxd5 Nc6 29. Kf2 g5 30. Bd2 b6 31. Be3 Nb4 32. Rd8+ Kf7 33. c3 Nc2 34. Rd3 Nxe3 35. Rxe3 Rd6 36. Ke2 h5 37. Re4 f5 38. Rd4 Re6+ 39. Kf2 Kf6 40. Rd5 h4 41. f4 gxf4 42. c4 Kg5 43. Rb5 Rd6 44. Ke2 1/2-1/2

[Event "Paulista-chT"]
[Site "Sao Paulo"]
[Date "2018.02.18"]
[Round "3.4"]
[White "De Assis, Fabio Nery"]
[Black "Marques, Vinicius de Abreu"]
[Result "0-1"]
[WhiteElo "1752"]
[BlackElo "2370"]
[PlyCount "62"]
[EventDate "2018.02.17"]
[EventType "team-tourn"]
[EventRounds "7"]
[EventCountry "BRA"]
[SourceTitle "CBM 183 Extra"]
[Source "ChessBase"]
[SourceDate "2018.04.19"]
[SourceVersion "1"]
[SourceVersionDate "2018.04.19"]
[SourceQuality "1"]
[WhiteTeam "Osasco II"]
[BlackTeam "Pinheiros"]
[WhiteTeamCountry "BRA"]
[BlackTeamCountry "BRA"]

1. d4 Nf6 2. c4 g6 3. Nc3 Bg7 4. e4 d6 5. Nf3 0-0 6. Be2 Nbd7 7. 0-0 e5 8. Be3 c6 9. Re1 Re8 10. dxe5 dxe5 11. h3 Qe7 12. Qc2 Nh5 13. Bf1 Nc5 14. g3 f5 15. Bg5 Qf7 16. Be3 Ne6 17. Ng5 Nxg5 18. Bxg5 f4 19. g4 h6 20. Bxh6 Bxh6 21. gxh5 gxh5 22. f3 Kh8 23. Kf2 Be6 24. b3 Qe7 25. Ke2 Rad8 26. Rad1 Qc5 27. Rd3 Qg1 28. Kd1 Qg3 29. Ne2 Qxf3 30. Rxd8 Rxd8+ 31. Kc1 Qf2 0-1

[Event "Paulista-chT Interclubes"]
[Site "Sao Paulo"]
[Date "2008.03.??"]
[Round "6"]
[White "Marques, Vinicius de Abreu"]
[Black "Assumpcao, Roberto"]
[Result "0-1"]
[WhiteElo "2370"]
[BlackElo "2255"]
[PlyCount "74"]
[EventDate "2008.03.01"]
[EventType "team-tourn"]
[EventRounds "7"]
[EventCountry "BRA"]
[SourceTitle "EXT 2022"]
[Source "ChessBase"]
[SourceDate "2021.10.06"]
[SourceVersion "1"]
[SourceVersionDate "2021.10.06"]
[SourceQuality "1"]
[WhiteTeam "Pinheiros EC"]
[BlackTeam "Santos CX"]
[WhiteTeamCountry "BRA"]
[BlackTeamCountry "BRA"]

1. Nf3 c5 2. g3 Nc6 3. Bg2 Nf6 4. 0-0 e5 5. d3 Be7 6. e4 0-0 7. Nc3 d6 8. Ne1 Ne8 9. f4 exf4 10. gxf4 f5 11. Nd5 Nf6 12. c3 Nxd5 13. exd5 Nb8 14. d4 b6 15. Nf3 h6 16. Ne5 Ba6 17. Nd3 Nd7 18. Re1 Bh4 19. Nf2 Nf6 20. h3 Qd7 21. a4 c4 22. b3 Rae8 23. Be3 Qf7 24. a5 b5 25. bxc4 bxc4 26. Qa4 Rc8 27. Qa3 Rfd8 28. Bd2 Nxd5 29. Re2 Nf6 30. Rae1 Ne4 31. Nxe4 Bxe1 32. Nxd6 Qf8 33. Bd5+ Kh7 34. Be6 Rxd6 35. Bxf5+ Qxf5 36. Qxd6 Bxd2 37. Qxa6 Bxf4 0-1

[Event "Sao Paulo Itau Cup 9th"]
[Site "Sao Paulo"]
[Date "2005.10.05"]
[Round "4"]
[White "Marques, Vinicius de Abreu"]
[Black "Crosa Coll, Martin"]
[Result "0-1"]
[WhiteElo "2360"]
[BlackElo "2419"]
[PlyCount "112"]
[EventDate "2005.10.01"]
[EventType "swiss"]
[EventRounds "9"]
[EventCountry "BRA"]
[SourceTitle "CBM 108 Extra"]
[Source "ChessBase"]
[SourceDate "2005.11.04"]
[SourceVersion "1"]
[SourceVersionDate "2005.11.04"]
[SourceQuality "1"]

1. Nf3 f5 2. d3 Nf6 3. c4 d6 4. Nc3 e5 5. g3 h6 6. Nh4 Nc6 7. Ng6 Rg8 8. Bg2 Kf7 9. Nxf8 Rxf8 10. 0-0 Kg8 11. f4 Be6 12. Nd5 e4 13. dxe4 fxe4 14. b3 Bxd5 15. cxd5 Nb4 16. Qd2 Nbxd5 17. Bxe4 c6 18. Bf3 Qb6+ 19. Kh1 Rae8 20. Bb2 Ne4 21. Qd4 Qxd4 22. Bxd4 c5 23. Bg1 Ndc3 24. Rfc1 a5 25. Rc2 b5 26. a3 b4 27. Bh5 Rb8 28. Bg6 Rf6 29. Bxe4 Nxe4 30. axb4 axb4 31. Kg2 Re8 32. Bf2 g5 33. Ra6 gxf4 34. gxf4 Nxf2 35. Kxf2 Rxf4+ 36. Kg3 Rd4 37. e4 Rexe4 38. Rf2 Rg4+ 39. Kh3 Rh4+ 40. Kg2 Rdg4+ 41. Kh1 Rf4 42. Re2 Re4 43. Rf2 Rhf4 44. Rd2 Re6 45. Ra7 Rf3 46. Kg2 Rf7 47. Ra8+ Kg7 48. Rd3 Rg6+ 49. Kh3 Rd7 50. Re3 Kf7 51. Rh8 Kg7 52. Ree8 Rf7 53. Reg8+ Kf6 54. Re8 Re7 55. Rhf8+ Ke6 56. Rc8 Kd5 0-1

[Event "Sao Paulo Itau Cup 9th"]
[Site "Sao Paulo"]
[Date "2005.10.04"]
[Round "3"]
[White "Marques, Vinicius de Abreu"]
[Black "Felgaer, Ruben Alejandro"]
[Result "1-0"]
[WhiteElo "2360"]
[BlackElo "2636"]
[PlyCount "51"]
[EventDate "2005.10.01"]
[EventType "swiss"]
[EventRounds "9"]
[EventCountry "BRA"]
[SourceTitle "CBM 108 Extra"]
[Source "ChessBase"]
[SourceDate "2005.11.04"]
[SourceVersion "1"]
[SourceVersionDate "2005.11.04"]
[SourceQuality "1"]

1. Nf3 d6 2. d4 Nf6 3. c4 g6 4. Nc3 Bg7 5. g3 0-0 6. Bg2 Nbd7 7. 0-0 e5 8. e4 c6 9. b3 exd4 10. Nxd4 Nc5 11. h3 Re8 12. Re1 a5 13. Bf4 Nh5 14. Be3 Qb6 15. Qc2 Bd7 16. Rad1 a4 17. bxa4 Qa6 18. Nb3 Nxa4 19. Nxa4 Qxa4 20. c5 Nf6 21. cxd6 Nxe4 22. Bd4 Nf6 23. Qc3 Qxa2 24. Ra1 Nd5 25. Rxe8+ Rxe8 26. Bxd5 1-0

[Event "Mario Covas 4th"]
[Site "Santos"]
[Date "2004.08.02"]
[Round "3"]
[White "Marques, Vinicius de Abreu"]
[Black "Zambrana, Oswaldo"]
[Result "0-1"]
[WhiteElo "2378"]
[BlackElo "2472"]
[PlyCount "92"]
[EventDate "2004.07.31"]
[EventType "tourn"]
[EventRounds "9"]
[EventCountry "BRA"]
[EventCategory "11"]
[SourceTitle "CBM 103"]
[Source "ChessBase"]
[SourceDate "2004.11.11"]
[SourceVersion "1"]
[SourceVersionDate "2004.11.11"]
[SourceQuality "1"]

1. e4 c5 2. Nc3 Nc6 3. g3 g6 4. Bg2 Bg7 5. d3 d6 6. Nge2 e6 7. 0-0 Nge7 8. Bg5 h6 9. Be3 0-0 10. Qd2 Kh7 11. Rab1 Rb8 12. a3 a5 13. Nb5 b6 14. c4 Ba6 15. Nbc3 Ne5 16. h3 d5 17. exd5 exd5 18. Nxd5 Nxd5 19. cxd5 Bxd3 20. Rbc1 Ba6 21. b3 Re8 22. Rfd1 a4 23. bxa4 Nc4 24. Rxc4 Bxc4 25. Nc3 Ra8 26. h4 Bb3 27. Rb1 Bxa4 28. d6 Bd7 29. Nd5 Rxa3 30. Rxb6 c4 31. Qb4 Ra4 32. Qd2 Ra1+ 33. Kh2 c3 34. Nxc3 Rxe3 35. Qxe3 Ra3 36. Rb7 Be6 37. Rc7 Qxd6 38. Rc6 Qb4 39. h5 Bxc3 40. hxg6+ Kxg6 41. Rxe6+ fxe6 42. Qxe6+ Kg7 43. Bd5 Qf8 44. Qg4+ Kh8 45. f4 Be1 46. Bf3 Qg7 0-1

[Event "Canarias en Red prel 1st"]
[Site "Playchess.com INT"]
[Date "2004.05.03"]
[Round "11"]
[White "Marques, Vinicius de Abreu"]
[Black "Sautto, Daniele"]
[Result "1-0"]
[WhiteElo "2403"]
[BlackElo "2114"]
[PlyCount "59"]
[EventDate "2004.05.03"]
[EventType "swiss (blitz)"]
[EventRounds "13"]
[EventCountry "GER"]
[SourceTitle "EXT 2005"]
[Source "ChessBase"]
[SourceDate "2004.11.15"]
[SourceVersion "1"]
[SourceVersionDate "2004.11.15"]
[SourceQuality "1"]

1. d4 d5 2. c4 e6 3. Nc3 Nf6 4. Nf3 Be7 5. Bg5 Nbd7 6. e3 0-0 7. Rc1 a6 8. cxd5 exd5 9. Bd3 c6 10. 0-0 Re8 11. Qc2 Nf8 12. Na4 g6 13. Nc5 Ne6 14. Bxf6 Bxf6 15. Qb3 Nxc5 16. Rxc5 Bg4 17. Qxb7 Bxf3 18. gxf3 Rb8 19. Qxc6 Rxb2 20. Rxd5 Qe7 21. Rd7 Qe6 22. Rd6 Qe7 23. Rxf6 Reb8 24. Qd6 Qb7 25. Be4 Qb5 26. Qf4 Rf8 27. Qe5 Qd7 28. d5 Rxa2 29. d6 Rb2 30. Qxb2 1-0

[Event "Canarias en Red prel 1st"]
[Site "Playchess.com INT"]
[Date "2004.05.03"]
[Round "4"]
[White "Marques, Vinicius de Abreu"]
[Black "Schnur, Edmund"]
[Result "1-0"]
[WhiteElo "2403"]
[BlackElo "2183"]
[PlyCount "93"]
[EventDate "2004.05.03"]
[EventType "swiss (blitz)"]
[EventRounds "13"]
[EventCountry "GER"]
[SourceTitle "EXT 2005"]
[Source "ChessBase"]
[SourceDate "2004.11.15"]
[SourceVersion "1"]
[SourceVersionDate "2004.11.15"]
[SourceQuality "1"]

1. d4 Nf6 2. c4 e6 3. Nc3 Bb4 4. e3 0-0 5. Bd3 d5 6. Nf3 Ne4 7. Qc2 f5 8. 0-0 Nd7 9. cxd5 Bxc3 10. dxe6 Ndf6 11. bxc3 Bxe6 12. c4 c6 13. Bb2 Qc7 14. Rac1 Rad8 15. Nd2 Ng4 16. Nf3 Ngf6 17. h3 h6 18. Ne5 g5 19. d5 cxd5 20. cxd5 Qxc2 21. Rxc2 Bxd5 22. Rc7 Bc6 23. Bc4+ Bd5 24. Bxd5+ Rxd5 25. Ng6 Rf7 26. Ne7+ Kg7 27. Nxd5 Rxc7 28. Bxf6+ Kf7 29. Nxc7 Kxf6 30. Nd5+ Ke5 31. Nb4 a5 32. Nd3+ Kd5 33. Rb1 Kc4 34. Ne5+ Kd5 35. Nf7 Kc6 36. Nxh6 b5 37. Nxf5 b4 38. Nd4+ Kc5 39. Nb3+ Kc4 40. Nxa5+ Kd3 41. Nc6 Nd2 42. Nxb4+ Kc3 43. Rd1 Ne4 44. Nd5+ Kc4 45. Rd4+ Kc5 46. Rxe4 Kxd5 47. Rg4 1-0

[Event "Pinamar"]
[Site "Pinamar"]
[Date "2004.03.30"]
[Round "7"]
[White "Marques, Vinicius de Abreu"]
[Black "Lafuente, Pablo"]
[Result "1/2-1/2"]
[WhiteElo "2403"]
[BlackElo "2424"]
[PlyCount "55"]
[EventDate "2004.03.24"]
[EventType "tourn"]
[EventRounds "11"]
[EventCountry "ARG"]
[EventCategory "7"]
[SourceTitle "CBM 099 Extra"]
[Source "ChessBase"]
[SourceDate "2004.05.04"]
[SourceVersion "1"]
[SourceVersionDate "2004.05.04"]
[SourceQuality "1"]

1. e4 c5 2. c3 e6 3. d4 d5 4. e5 Qb6 5. Nf3 Nc6 6. a3 c4 7. Nbd2 Bd7 8. g3 0-0-0 9. b3 cxb3 10. Nxb3 f6 11. Bh3 g5 12. exf6 g4 13. Bxg4 Nxf6 14. Bh3 Ne4 15. 0-0 Be7 16. Bf4 Rhf8 17. Qc2 Bd6 18. Ne5 Nxe5 19. dxe5 Rxf4 20. gxf4 Bc5 21. Nd4 Bxd4 22. cxd4+ Kb8 23. Rab1 Qxd4 24. Rb4 Qd2 25. Qxd2 Nxd2 26. Rd1 Rg8+ 27. Kh1 Nf3 28. Bg2 1/2-1/2

[Event "Pinamar"]
[Site "Pinamar"]
[Date "2004.03.27"]
[Round "4"]
[White "Marques, Vinicius de Abreu"]
[Black "Tempone, Marcelo"]
[Result "1/2-1/2"]
[WhiteElo "2403"]
[BlackElo "2438"]
[PlyCount "56"]
[EventDate "2004.03.24"]
[EventType "tourn"]
[EventRounds "11"]
[EventCountry "ARG"]
[EventCategory "7"]
[SourceTitle "CBM 099 Extra"]
[Source "ChessBase"]
[SourceDate "2004.05.04"]
[SourceVersion "1"]
[SourceVersionDate "2004.05.04"]
[SourceQuality "1"]

1. d4 d5 2. c4 c6 3. Nc3 Nf6 4. Nf3 g6 5. Bf4 Bg7 6. e3 0-0 7. Rc1 dxc4 8. Bxc4 Nbd7 9. 0-0 Nb6 10. Bb3 Nbd5 11. Bg3 Be6 12. Na4 Bc8 13. Nc5 Nh5 14. Bh4 Bf6 15. Bxf6 exf6 16. Qd2 b6 17. Nd3 Bb7 18. e4 Ne7 19. Nf4 Ng7 20. Rcd1 Ba6 21. Rfe1 g5 22. Ne2 Ng6 23. Qc3 Bxe2 24. Rxe2 Rc8 25. Ree1 Qe7 26. Nd2 c5 27. Nf1 cxd4 28. Qxd4 Rfd8 1/2-1/2

[Event "Pinamar"]
[Site "Pinamar"]
[Date "2004.03.24"]
[Round "10"]
[White "Szmetan, Ricardo"]
[Black "Marques, Vinicius de Abreu"]
[Result "1/2-1/2"]
[WhiteElo "2311"]
[BlackElo "2403"]
[PlyCount "38"]
[EventDate "2004.03.24"]
[EventType "tourn"]
[EventRounds "11"]
[EventCountry "ARG"]
[EventCategory "7"]
[SourceTitle "CBM 099 Extra"]
[Source "ChessBase"]
[SourceDate "2004.05.04"]
[SourceVersion "1"]
[SourceVersionDate "2004.05.04"]
[SourceQuality "1"]

1. Nf3 d6 2. g3 e5 3. Bg2 f5 4. 0-0 Nf6 5. c4 g6 6. Nc3 Bg7 7. d3 0-0 8. Bg5 Nbd7 9. Qd2 c6 10. b4 f4 11. gxf4 h6 12. fxe5 hxg5 13. exf6 Bxf6 14. Ne4 Bxa1 15. Rxa1 g4 16. Qh6 gxf3 17. Qxg6+ Kh8 18. Qh6+ Kg8 19. Qg6+ Kh8 1/2-1/2

[Event "Sao Paulo Itau Cup 7th"]
[Site "Sao Paulo"]
[Date "2003.09.29"]
[Round "3"]
[White "Diamant, Andre"]
[Black "Marques, Vinicius de Abreu"]
[Result "1/2-1/2"]
[WhiteElo "2149"]
[BlackElo "2380"]
[PlyCount "30"]
[EventDate "2003.10.??"]
[EventType "swiss"]
[EventRounds "9"]
[EventCountry "BRA"]
[SourceTitle "CBM 096 Extra"]
[Source "ChessBase"]
[SourceDate "2003.10.22"]
[SourceVersion "2"]
[SourceVersionDate "2003.10.20"]
[SourceQuality "1"]

1. e4 c5 2. Nf3 Nc6 3. Bb5 g6 4. Bxc6 dxc6 5. d3 Bg7 6. Nc3 Nf6 7. Be3 c4 8. dxc4 Qa5 9. 0-0 Be6 10. c5 Ng4 11. Bd4 0-0-0 12. Ne2 Bc4 13. Qe1 Qxe1 14. Rfxe1 e5 15. Bc3 f6 1/2-1/2

[Event "Vicente Lopez Magistral 6th"]
[Site "Vicente Lopez"]
[Date "2003.08.01"]
[Round "9"]
[White "Marques, Vinicius de Abreu"]
[Black "De Dovitiis, Alejo"]
[Result "1-0"]
[WhiteElo "2380"]
[BlackElo "2401"]
[PlyCount "59"]
[EventDate "2003.07.24"]
[EventType "tourn"]
[EventRounds "11"]
[EventCountry "ARG"]
[EventCategory "7"]
[SourceTitle "CBM 095 Extra"]
[Source "ChessBase"]
[SourceDate "2003.09.04"]
[SourceVersion "1"]
[SourceVersionDate "2003.09.04"]
[SourceQuality "1"]

1. Nf3 d5 2. c4 e6 3. e3 Nf6 4. Nc3 Be7 5. d4 0-0 6. b3 c5 7. Bd3 cxd4 8. exd4 Bb4 9. Bb2 Ne4 10. Qc2 Qa5 11. Bxe4 dxe4 12. a3 exf3 13. axb4 fxg2 14. Rg1 Qg5 15. Qe4 Qg6 16. Rxg2 Qxe4+ 17. Nxe4 Nd7 18. 0-0-0 f6 19. Rdg1 g6 20. h4 b5 21. h5 Bb7 22. d5 g5 23. Nxf6+ Nxf6 24. Rxg5+ Kf7 25. Rg7+ Ke8 26. Rxb7 Rf7 27. Rg7 Rxb7 28. Rxb7 Nd7 29. dxe6 Nf8 30. Bf6 1-0

[Event "Vicente Lopez Magistral 6th"]
[Site "Vicente Lopez"]
[Date "2003.07.29"]
[Round "6"]
[White "Cubas, Jose Fernando"]
[Black "Marques, Vinicius de Abreu"]
[Result "0-1"]
[WhiteElo "2419"]
[BlackElo "2380"]
[PlyCount "87"]
[EventDate "2003.07.24"]
[EventType "tourn"]
[EventRounds "11"]
[EventCountry "ARG"]
[EventCategory "7"]
[SourceTitle "CBM 095 Extra"]
[Source "ChessBase"]
[SourceDate "2003.09.04"]
[SourceVersion "1"]
[SourceVersionDate "2003.09.04"]
[SourceQuality "1"]

1. e4 c5 2. Nc3 Nc6 3. f4 e6 4. Nf3 d5 5. Bb5 Nge7 6. exd5 Nxd5 7. Ne5 Bd7 8. Bxc6 Bxc6 9. Nxc6 bxc6 10. Qf3 Bd6 11. 0-0 0-0 12. Ne2 f5 13. c4 Ne7 14. b3 e5 15. Bb2 Ng6 16. Qxc6 exf4 17. d4 Re8 18. Rae1 Rc8 19. Qd5+ Kh8 20. Kh1 Qf6 21. Ba1 cxd4 22. Bxd4 Be5 23. Bxe5 Rxe5 24. Qd2 Rce8 25. Nc3 h6 26. Nd5 Qh4 27. Rxe5 Rxe5 28. h3 Re4 29. Qf2 Qg5 30. c5 Qd8 31. Rd1 Re5 32. Qd4 f3 33. gxf3 f4 34. Qc4 Rh5 35. Rd2 Rxh3+ 36. Rh2 Rxh2+ 37. Kxh2 Qh4+ 38. Kg2 Qg3+ 39. Kf1 Qxf3+ 40. Ke1 Qh1+ 41. Kd2 Ne5 42. Qb5 Qxd5+ 43. Kc3 Nc6 44. Qe2 0-1

[Event "Vicente Lopez Magistral 6th"]
[Site "Vicente Lopez"]
[Date "2003.07.24"]
[Round "1"]
[White "Marques, Vinicius de Abreu"]
[Black "Valerga, Diego"]
[Result "1/2-1/2"]
[WhiteElo "2380"]
[BlackElo "2496"]
[PlyCount "53"]
[EventDate "2003.07.24"]
[EventType "tourn"]
[EventRounds "11"]
[EventCountry "ARG"]
[EventCategory "7"]
[SourceTitle "CBM 095 Extra"]
[Source "ChessBase"]
[SourceDate "2003.09.04"]
[SourceVersion "1"]
[SourceVersionDate "2003.09.04"]
[SourceQuality "1"]

1. d4 Nf6 2. c4 g6 3. Nc3 Bg7 4. e4 d6 5. Bd3 0-0 6. Nge2 e5 7. d5 a5 8. f3 Na6 9. Bg5 h6 10. Be3 Bd7 11. Qd2 h5 12. Bc2 Nh7 13. 0-0-0 h4 14. g3 h3 15. g4 Bf6 16. Rhg1 Bg5 17. Rg3 Bh4 18. Rgg1 Ng5 19. Rdf1 Qe7 20. Ng3 f6 21. Bd1 Nc5 22. Bf2 Qh7 23. Kb1 Kh8 24. Be2 a4 25. Nh1 Bxf2 26. Nxf2 Kg7 27. Rg3 1/2-1/2

[Event "Regina Helena Marques 1st"]
[Site "Santos"]
[Date "2003.04.29"]
[Round "10"]
[White "Marques, Vinicius de Abreu"]
[Black "D'Israel, Davy Maurice"]
[Result "1-0"]
[WhiteElo "2353"]
[BlackElo "2291"]
[PlyCount "43"]
[EventDate "2003.04.22"]
[EventType "tourn"]
[EventRounds "11"]
[EventCountry "BRA"]
[EventCategory "4"]
[SourceTitle "EXT 2004"]
[Source "ChessBase"]
[SourceDate "2003.11.25"]
[SourceVersion "1"]
[SourceVersionDate "2003.11.25"]
[SourceQuality "1"]

1. d4 Nf6 2. Nf3 e6 3. g3 b6 4. Bg2 Bb7 5. c4 Be7 6. 0-0 0-0 7. Nc3 Ne4 8. Bd2 c5 9. d5 Nxc3 10. Bxc3 exd5 11. cxd5 d6 12. e4 Bf6 13. e5 dxe5 14. Nxe5 Bxe5 15. Bxe5 Nd7 16. Bc3 Qg5 17. Re1 Rfe8 18. Rxe8+ Rxe8 19. Qa4 Rd8 20. h4 Qf5 21. g4 Qd3 22. Qxa7 1-0

[Event "Regina Helena Marques 1st"]
[Site "Santos"]
[Date "2003.04.27"]
[Round "7"]
[White "Neubauer, Martin"]
[Black "Marques, Vinicius de Abreu"]
[Result "1/2-1/2"]
[WhiteElo "2415"]
[BlackElo "2353"]
[PlyCount "26"]
[EventDate "2003.04.22"]
[EventType "tourn"]
[EventRounds "11"]
[EventCountry "BRA"]
[EventCategory "4"]
[SourceTitle "EXT 2004"]
[Source "ChessBase"]
[SourceDate "2003.11.25"]
[SourceVersion "1"]
[SourceVersionDate "2003.11.25"]
[SourceQuality "1"]

1. e4 e6 2. d4 d5 3. Nc3 Nf6 4. e5 Nfd7 5. f4 c5 6. Nf3 Nc6 7. Be3 Qb6 8. Na4 Qa5+ 9. c3 cxd4 10. b4 Nxb4 11. cxb4 Bxb4+ 12. Bd2 Bxd2+ 13. Nxd2 g5 1/2-1/2